Biology and crime / (Record no. 57488)

MARC details
000 -LEADER
fixed length control field 01239cam a22002414a 4500
001 - CONTROL NUMBER
control field vtls003125562
003 - CONTROL NUMBER IDENTIFIER
control field MY-SjTCS
005 - DATE AND TIME OF LATEST TRANSACTION
control field 20200306165746.0
008 - FIXED-LENGTH DATA ELEMENTS--GENERAL INFORMATION
fixed length control field 110218s2002 caua b 001 0 eng
020 ## - INTERNATIONAL STANDARD BOOK NUMBER
International Standard Book Number 1891487809 (pbk.)
020 ## - INTERNATIONAL STANDARD BOOK NUMBER
International Standard Book Number 9780195330090 (pbk.)
039 #9 - LEVEL OF BIBLIOGRAPHIC CONTROL AND CODING DETAIL [OBSOLETE]
Level of rules in bibliographic description 201102181609
Level of effort used to assign nonsubject heading access points VLOAD
Level of effort used to assign subject headings 200811141111
Level of effort used to assign classification pushpa
-- 200811061057
-- meena
082 04 - DEWEY DECIMAL CLASSIFICATION NUMBER
Classification number 364.24
Item number ROW
100 1# - MAIN ENTRY--PERSONAL NAME
Personal name Rowe, David C.,
Dates associated with a name 1949-
9 (RLIN) 31305
245 10 - TITLE STATEMENT
Title Biology and crime /
Statement of responsibility, etc. David C. Rowe ; foreward by David P. Farrington.
260 ## - PUBLICATION, DISTRIBUTION, ETC.
Place of publication, distribution, etc. Los Angeles, Calif. :
Name of publisher, distributor, etc. Roxbury,
Date of publication, distribution, etc. c2002.
300 ## - PHYSICAL DESCRIPTION
Extent xii, 161 p. :
Other physical details ill. ;
Dimensions 23 cm.
504 ## - BIBLIOGRAPHY, ETC. NOTE
Bibliography, etc. note Includes bibliographical references and indexes.
505 0# - FORMATTED CONTENTS NOTE
Formatted contents note Ch. 1. Introduction to biology and crime. - Ch. 2. The heritability of criminal disposition. - Ch. 3. The evolutionary perspective on crime. - Ch. 4. Does the body tell? Biological characteristics and criminal disposition. - Ch. 5. A gene for crime? Molecular genetics and criminal disposition. - Ch. 6. Environmental influences in light of genetic findings. - Ch. 7. A look ahead: implications for criminal justice policy and ethical concerns.
650 #0 - SUBJECT ADDED ENTRY--TOPICAL TERM
Topical term or geographic name entry element Criminal anthropology.
9 (RLIN) 27099
650 #0 - SUBJECT ADDED ENTRY--TOPICAL TERM
Topical term or geographic name entry element Criminal behavior.
9 (RLIN) 272626
920 ## - Programme
Programme LAW : 22536
Holdings
Withdrawn status Lost status Source of classification or shelving scheme Damaged status Not for loan Home library Current library Date acquired Cost, normal purchase price Total Checkouts Barcode Date last seen Date last checked out Copy number Uniform Resource Identifier Cost, replacement price Koha item type Public note
    Dewey Decimal Classification     Taylor's Library-TU Taylor's Library-TU 10/04/2009 116.16 1 5000078058 05/12/2019 28/01/2010 1 Floor 4, Shelf 10, Side 2, TierNo 3, BayNo 1 116.16 Main Collection LAWxx,17002,03,GR|SLGxx,93608,03,GR